Vanke Liangzhu New Town

Na minha lista:
Detalhes bibliográficos
Formato: Livro
Idioma:inglês
Publicado em: Tokyo : Kasumigaseki, 2013
Assuntos:
Tags: Adicionar Tag
Sem tags, seja o primeiro a adicionar uma tag!

MARC

LEADER 00000nam a22000003a 4500
001 stu272554
005 20141123184022.4
008 130730s2013------------------------eng-d
020 |a 978-4-7869-0246-8 
040 |a STU  |b slo 
041 0 |a eng 
245 |a Vanke Liangzhu New Town 
260 |a Tokyo :  |b Kasumigaseki,  |c 2013 
300 |a 175 s 
650 7 |a Čína  |2 stusub 
650 7 |a architektúra čínska  |2 stusub 
650 7 |a architektúra ázijská  |2 stusub 
650 7 |a Liangzhu New Town  |2 stusub 
650 7 |a infraštruktúra  |2 stusub 
996 |b 284AU05815  |c A*8614 U  |l AAKNST  |s P  |a 0  |w stu272554_0001 
996 |b 284AU05816  |c A*8615 U  |l AAKNAR  |s A  |a 24  |w stu272554_0002